000 01030 a2200217 4500
001 63990
005 20260521160828.0
008 260521a1982 arg spa d
003 AR-UNSa-BCEJYS
040 _aAR-UNSa-BCEJYS
_bspa
_cAR-UNSa-BCEJYS
080 _a658.14
_xFinanciación. Financiación de las empresas. Obtención de capital
245 1 0 _aPresupuestos con inflación
020 _a978-950-01-0919-2
264 1 _aBuenos Aires :
_bTesis
_c1982
300 _a220 p.
_c22 cm.
505 _a1. conceptos introductorios – 2. Metodología – 3. Cronograma – 4. Instrucciones – 5. Logística del sistema presupuestario – 6. Los presupuestos operativos – 7. Presupuesto económico – 8. Presupuesto financiero – 9. Balance proyectado – 10. Presupuesto de inversiones – 11. Previsiones presupuestarias – 12. Control presupuestario – 13. Conclusiones – 14. Casos prácticos –
041 _aspa
942 _cBK
590 _aniveau_biblio:m niveau_hierar:0
100 1 _aVinitzky, Guillermo Mario
999 _c36468
_d36468